000
00306nam a22001097a 4500
082
_a
621.381535 SON'B
100
_a
SONDE, B. S
_9
74962
245
_a
BROAD BAND AMPLIFIERS MONOGRAPHS ON SOLID STATE ELECTRONIC INSTRUMENTATION
260
_a
NEW DELHI
_b
TATA MCGRAW HILL
_c
1972
300
_a
104P
942
_c
BK
999
_c
580466
_d
580466